Países con Los Dias de Los Muertos - Estadísticas

Estadísticas generales
  • Esta prueba ha sido intentada 57 veces
  • La puntuación promedio es 34 de 41
Estadísticas de respuestas
Nombre Paíse % Correcto
Día de los Difuntos Colombia
100%
Día De Los Muertos México
100%
Hanal Pixan México (Yucatán)
100%
Todos los Santos España
98%
Día de los Difuntos Ecuador
96%
Día de Todos los Santos Ecuador
96%
Día De Los Muertos Estados Unidos (California, Puerto Rico y otras áreas con latinos)
96%
Día de los Difuntos Perú
94%
Día de Todos los Santos Vivos Perú
94%
Día de los Difuntos Venezuela
94%
Todos los Santos Venezuela
94%
Día De Los Muertos Honduras
93%
Dia de Finados Brasil
91%
Día De Los Muertos Costa Rica
91%
Dia de Todos Santos Costa Rica
91%
Dia de Todos Almas Costa Rica
91%
Día De Los Muertos El Salvador
89%
La Calabiuza El Salvador
89%
Día De Los Muertos Nicaragua
89%
Dia de Todos Almas Nicaragua
89%
Día De Los Muertos Paraguay
89%
Día de Todos los Santos Paraguay
89%
Todos los Santos Chile
87%
Día de los Difuntos Guatemala
87%
Todos los Santos Guatemala
87%
Día de los Difuntos Uruguay
87%
Día De Los Muertos Bolivia
85%
Todos Santos Bolivia
85%
Dia de Todos Almas Bolivia
85%
Dia de Todos os Santos Portugal
85%
Día De Los Muertos Panamá
83%
La Toussaint Haití
81%
Jour des Morts Haití
81%
Fête Gede Haití
81%
Día De Los Muertos Canadá (Vancouver y otras áreas con latinos)
80%
Hanal Pixan Belice
76%
Undás Filipinas
59%
Día De Los Muertos Australia (En grandes ciudades con latinos)
37%
Día De Los Muertos Indonesia (En grandes ciudades con latinos)
30%
Día De Los Muertos Nueva Zelanda (Wellington)
30%
Día De Los Muertos Fiyi (En grandes ciudades con latinos)
13%
No se encontraron pruebas coincidentes
Distribución de puntuación
Porcentaje de gente con cada puntuación
Porcentaje por número respondido
Historial de tus puntuaciones
No has intentado esta prueba.